Marie Bartonová : příběh z manchesterského života /

Hlavní autor: Gaskell, Elizabeth Cleghorn, 1810-1865
Další autoři: Hogarth, Paul, 1917-2001, Nenadál, Radoslav, 1929-2018
Jazyk: Čeština
Vydáno: Praha : Mladá fronta, 1960
Vydání: 1. vyd.
Externí odkaz: Digitalizovaný dokument
Fyzický popis: 440 s., obr. příl. : il.
Knihy
Uloženo v:
LEADER 01350nam a22003011a 4500
001 000694439
003 CZ BrMZK
005 20141001125933.0
007 ta
008 031027s1960 xr af f cze d
015 |a cnb000687292 
035 |a (OCoLC)67616831 
040 |a BOA001  |b cze  |c BOA001 
041 1 |a cze  |h eng 
100 1 |a Gaskell, Elizabeth Cleghorn,  |d 1810-1865  |7 jn19990002567  |4 aut 
245 1 0 |a Marie Bartonová :  |b příběh z manchesterského života /  |c Elisabeth C. Gaskell ; z anglického originálu ... přeložil, doslov a poznámky napsal Radoslav Nenadnál ; ilustroval Paul Hogarth 
250 |a 1. vyd. 
260 |a Praha :  |b Mladá fronta,  |c 1960 
300 |a 440 s., obr. příl. :  |b il. 
500 |a Dostupné též v digitální podobě v aplikaci Kramerius 
765 0 |t Mary Barton  |9 Česky 
700 1 |a Hogarth, Paul,  |d 1917-2001  |7 mzk2006324200  |4 ill 
700 1 |a Nenadál, Radoslav,  |d 1929-2018  |7 jk01083165  |4 trl  |4 wfw  |4 ann 
856 4 1 |u http://www.digitalniknihovna.cz/mzk/uuid/uuid:abea3610-9a4d-11e4-94a8-005056827e51  |y Digitalizovaný dokument  |x NDK 
910 |a BOA001  |b PK-0024.982  |b 2-0441.250 
990 |a BK 
996 6 |b 2619930217  |c 2-0441.250  |l MZK  |r Sklad / do 24 hodin  |n 6  |w 000694439  |u 000020  |a 1  |e BOA001  |j MZK50  |s P 
996 7 |b 3119645547  |c PK-0024.982  |l MZK  |r Sklad / do 1 hodiny  |n 9  |w 000694439  |u 000010  |a 1  |e BOA001  |j MZK50  |s A